000 00429nam a22001697a 4500
003 NUST - PNEC
005 20170116180838.0
008 150811b xxu||||| |||| 00| 0 eng d
020 _a-
040 _cLIBRARY
082 _a621.750 WOL
100 _95140
_aWolfe, John H.
245 _aPractical shop mathematics Vol ll- Advanced
_cJohn H. Wolf
250 _a4th ed
650 _95141
_aShop Mathematic
_xME
942 _2ddc
_cBK
999 _c64297
_d64297